000 00565nam a2200205Ia 4500
003 OSt
005 20220107122745.0
008 130318s9999 xx 000 0 und d
020 _a9788126514649
040 _cIIITM-K
082 _a004.22 SAD/D
100 _aSadasivam, G Sudha
_95083
245 _aDistributed component architecture
_cby G Sudha Sadasivam
260 _bWiley,
_aNew Delhi,
_c2012.
300 _axv, 416p.
650 _aCOMPUTER SCIENCE
_95084
650 _aCOMPUTER TECHNOLOGY
_95085
650 _aCOMPUTER ARCHITECTURE
_95086
942 _2ddc
_cBK
999 _c4134
_d4134